| 000 | 00348nam a22001457a 4500 | ||
|---|---|---|---|
| 003 | MACL | ||
| 005 | 20170525115711.0 | ||
| 008 | 170525b xxu||||| |||| 00| 0 eng d | ||
| 040 | _cMACL | ||
| 100 |
_aSaxena Vipul _967193 |
||
| 245 | _aSports Management | ||
| 260 |
_aAllahabad _bTanmay Books _c2014 |
||
| 650 |
_aSport _917947 |
||
| 942 |
_2ddc _cBK |
||
| 999 |
_c56360 _d56360 |
||